000 00347nam a22001457a 4500
008 221108b ||||| |||| 00| 0 eng d
020 _a9781451194319
041 _aeng
080 _2fifth edition
_a611
082 _a611 LYN
100 _a10.2
101 _aANA
245 _aPHOTO ATLAS OF MEDICATION ADMINISTRATION
_cLYNN P
942 _2udc
_cBK
999 _c58798
_d58798